000 00357nam a2200097Ia 4500
082 _a158.1 NINE
245 0 _aRunning the greatest race ; finding ways to conquer life's challenges and getting to the next level of success
100 _a Ninela, Muzi New Germany, South Africa, 2008
_961124
942 _cBK
008 210817s9999 xx 000 0 und d
999 _c192344
_d192343